Public rights of way and planning (Record no. 75683)
[ view plain ]
| 000 -LEADER | |
|---|---|
| fixed length control field | 00743cab a2200205 4500 |
| 001 - CONTROL NUMBER | |
| control field | L130532 |
| 008 - FIXED-LENGTH DATA ELEMENTS--GENERAL INFORMATION | |
| fixed length control field | 050809n2005 000 0 eng u |
| 035 ## - SYSTEM CONTROL NUMBER | |
| System control number | (Sirsi) u130532 |
| 041 ## - LANGUAGE CODE | |
| Language code of text/sound track or separate title | eng |
| 100 ## - MAIN ENTRY--PERSONAL NAME | |
| Personal name | Lund, Tony |
| 245 ## - TITLE STATEMENT | |
| Title | Public rights of way and planning |
| 260 ## - PUBLICATION, DISTRIBUTION, ETC. | |
| Date of publication, distribution, etc. | 2005 |
| 490 ## - SERIES STATEMENT | |
| Series statement | Town & Country Planning |
| Volume/sequential designation | 74(7/8) July/August 2005, 240-245(6) |
| 520 ## - SUMMARY, ETC. | |
| Summary, etc. | Examines the links between the implementation and management of the public rights of way network and the development control process. Includes a summary of recommendations and a case example. |
| 590 ## - LOCAL NOTE (RLIN) | |
| Local note | IKA160805 |
| 650 ## - SUBJECT ADDED ENTRY--TOPICAL TERM | |
| Topical term or geographic name entry element | COUNTRYSIDE AND RIGHTS OF WAY ACT 2000 |
| 690 ## - LOCAL SUBJECT ADDED ENTRY--TOPICAL TERM (OCLC, RLIN) | |
| Topical term or geographic name as entry element | Planning and development |
| 9 (RLIN) | 6259 |
| 700 ## - ADDED ENTRY--PERSONAL NAME | |
| Personal name | Alexander, David |
| 942 ## - ADDED ENTRY ELEMENTS (KOHA) | |
| Suppress in OPAC | 0 |
| Withdrawn status | Lost status | Source of classification or shelving scheme | Damaged status | Not for loan | Home library | Current library | Shelving location | Date acquired | Total Checkouts | Full call number | Barcode | Date last seen | Copy number | Price effective from | Koha item type |
|---|---|---|---|---|---|---|---|---|---|---|---|---|---|---|---|
| Dewey Decimal Classification | London | London | Journal article | 09/08/2005 | L130532 | 130532-1001 | 06/08/2019 | 1 | 06/08/2019 | Journal article |